Princesa - Estadísticas

Estadísticas generales
  • Esta prueba ha sido intentada 10 veces
  • La puntuación promedio es 129 de 192
Estadísticas de respuestas
% Correcto
a
100%
de
83%
princesa
83%
tu
83%
83%
83%
y
83%
Ahora
67%
andanzas
67%
años
67%
apenas
67%
asalto
67%
aún
67%
boca
67%
Búscate
67%
camisa
67%
cirrosis
67%
Cómo
67%
Con
67%
con
67%
condenarte?
67%
cuando
67%
daño
67%
decirme
67%
déjame
67%
del
67%
demasiado
67%
duros
67%
el
67%
en
67%
entera
67%
Entre
67%
entre
67%
envuelta
67%
eras
67%
es
67%
esa
67%
especie
67%
farmacia?
67%
forma
67%
fresa
67%
gurú
67%
Hace
67%
hacerme
67%
imaginarte?
67%
islas
67%
juez
67%
la
67%
ladre
67%
las
67%
ley
67%
lugar
67%
Maldito
67%
me
67%
moda
67%
movidas
67%
mueca
67%
muerte
67%
muñeca
67%
nena
67%
no
67%
oscuro
67%
otro
67%
pagándote
67%
para
67%
parte
67%
pase
67%
pero
67%
perro
67%
pidas
67%
que
67%
qué
67%
recordarte?
67%
sales
67%
sea
67%
Si
67%
siempre
67%
Sigue
67%
silencio
67%
sobredosis
67%
sólo
67%
somos
67%
sonrisa
67%
sucia
67%
tarde
67%
te
67%
tenías
67%
todas
67%
todos
67%
tus
67%
un
67%
una
67%
Vale
67%
veinte
67%
vida
67%
ya
67%
Ya
67%
yo
67%
andas
50%
Cuántas
50%
dado
50%
dos
50%
equipaje
50%
fianzas
50%
flores
50%
gracia
50%
hubiera
50%
ibas
50%
levantó
50%
llevarte
50%
miedo
50%
pidieras
50%
porque
50%
puedo
50%
seguirte
50%
sembraste
50%
tengo
50%
veces
50%
verte
50%
viaje
50%
No se encontraron pruebas coincidentes
Distribución de puntuación
Porcentaje de gente con cada puntuación
Porcentaje por número respondido
Historial de tus puntuaciones
No has intentado esta prueba.